000 00496nam a2200181Ia 4500
999 _c28711
_d28711
003 OSt
005 20201123103734.0
008 190216s9999||||xx |||||||||||||| ||und||
020 _a9788130001579
040 _coclc
082 _a894.8123
_bURO/K
100 _aUroob
_96421
245 0 _aKunhammayum Koottukarum /
_cUroob
260 _bPoorna Publications,
_c2006.
_aKozhikode:
300 _a88p
650 _aNovel
942 _cBK
_2ddc
_h894.8123
_iURO/K
_k894.8123
_mURO/K